000 00622nam 22001813 4500
001 200222
090 _a200222
100 _a20260127d u||y0pory50 ba
200 _aO código genético
_fBrian F. C. Clark
_gtradução João Lúcio Azevedo
210 _aSão Paulo
_cEditora Pedagógica e Universitária Ltda, Editora da Universidade de São Paulo
_d1980
215 _a[XII], 79 p.
_cil. ; brochado
_d21 cm
225 _aTemas de biologia
_v8
606 _915897
_aGenética geral. Citogenética geral
675 _a575
_vPT
_zpor
700 _916052
_aClark
_bBrian F. C.
801 _aPT
_bBMMN
_gRPC
830 _cVanda
990 _cLIVROS